[Event "AUTO-INT-2329"]
[Site "http://www.queenalice.com/game.php?id=1062464"]
[Date "2012.5.22"]
[Round "1"]
[White "mikec"]
[Black "hirano"]
[Result "0-1"]
[WhiteElo "1436"]
[BlackElo "1624"]

1. Nf3 d5 2. e3 Nc6 3. d4 Bf5 4. h4 e6 5. g3 Bg4 6. Bd2 Nf6 7. c3 Ne4 8. Bc1 Qf6
9. b4 Bxf3 10. Qc2 Bxh1 11. f3 Qxf3 12. Be2 Qf2+ 13. Kd1 Qg1+ 14. Bf1 Qxf1# 0-1

[Event "AUTO-INT-2329"]
[Site "http://www.queenalice.com/game.php?id=1062479"]
[Date "2012.5.22"]
[Round "1"]
[White "mikec"]
[Black "chess60"]
[Result "0-1"]
[WhiteElo "1428"]
[BlackElo "1589"]

1. Nf3 c5 2. d4 e6 3. e3 d5 4. Nc3 Nf6 5. a3 Nfd7 6. Bb5 b6 7. g3 a6 8. Bf1 Bd6
9. Bh3 O-O 10. Nh4 Qf6 11. f4 Bb7 12. b4 Re8 13. O-O cxb4 14. Na4 Bc6 15. c3 b5
16. Nb2 bxa3 17. Nd3 Nb6 18. f5 e5 19. dxe5 Bxe5 20. Bxa3 Bxc3 21. Rc1 Rxe3 22.
Qc2 d4 23. Qf2 Rxd3 24. Qe2 Re3 25. Qf2 Ba5 26. Rfe1 Rxa3 27. Rxc6 Nxc6 28. Qe2
Bxe1 29. Qxe1 Qe7 30. Qc1 Qe3+ 31. Kf1 Qxc1+ 32. Kf2 Qc2+ 33. Kg1 Ra1+ 34. Bf1
Re8 35. Nf3 Ra2 36. Nd2 Qxd2 37. Be2 Rxe2 38. Kf1 Ra1# 0-1

[Event "AUTO-INT-2329"]
[Site "http://www.queenalice.com/game.php?id=1062480"]
[Date "2012.5.22"]
[Round "1"]
[White "chess60"]
[Black "mikec"]
[Result "0-1"]
[WhiteElo "1550"]
[BlackElo "1411"]

1. f4 e6 2. e4 Bd6 3. e5 Bc5 4. Nf3 Ne7 5. d4 Bb6 6. Bd3 c5 7. dxc5 Bxc5 8. b3
a5 9. a4 Bb4+ 10. Bd2 d5 11. Bb5+ Bd7 12. Bxb4 axb4 13. Nd4 O-O 14. O-O g6 15.
Nd2 Ra5 16. Qe2 Qb6 17. Qd3 Nf5 18. Bxd7 Nxd7 19. Nf3 Nc5 20. Qd2 Ne4 21. Qd3
Rc8 22. g4 Ne7 23. Rac1 Nc6 24. Rfd1 Qc5 25. Kf1 f6 26. exf6 Rf8 27. Re1 Rxf6
28. Rxe4 e5 29. Rxe5 Rxf4 30. Nxc6 bxc6 31. Re8+ Kf7 32. Qe2 Re4 33. Ng5+ Kxe8
34. Ne6 Qe7 35. Nf4 Rxe2 36. Nxe2 Ra7 37. Rd1 Qf7+ 38. Ke1 Qf6 39. Nd4 Qh4+ 40.
Kd2 Qxg4 41. Nxc6 Rf7 42. Kc1 Qg2 43. Nxb4 Qxh2 44. Nxd5 Rd7 45. Nf6+ Ke7 46.
Nxd7 Qf4+ 47. Rd2 h5 48. Nc5 h4 49. Nd3 Qe3 50. c4 h3 51. Kc2 g5 52. a5 Qe4 53.
Rh2 g4 54. Kc3 Qe6 55. Nf4 Qe5+ 56. Kb4 Qxf4 57. a6 Qxh2 58. Ka3 Qd6+ 59. Kb2 h2
60. a7 h1=Q 61. b4 Qxb4+ 62. Kc2 Qe4+ 63. Kd1 Qa4+ 64. Kd2 Qac2# 0-1

[Event "AUTO-INT-2329"]
[Site "http://www.queenalice.com/game.php?id=1062482"]
[Date "2012.5.22"]
[Round "1"]
[White "maroni"]
[Black "mikec"]
[Result "0-1"]
[WhiteElo "1537"]
[BlackElo "1433"]

1. d4 g6 2. Bf4 Nf6 3. Nf3 d6 4. e3 b6 5. Nbd2 c5 6. c3 a5 7. Be2 Bg7 8. O-O O-O
9. h3 Qd7 10. Qb3 e6 11. Qxb6 Ne8 0-1

[Event "Challenge"]
[Site "http://www.queenalice.com/game.php?id=1062621"]
[Date "2012.5.22"]
[Round "-"]
[White "hoppy777"]
[Black "mikec"]
[Result "0-1"]
[WhiteElo "1214"]
[BlackElo "1427"]

1. d3 Nf6 2. Nf3 Nh5 3. e3 g6 4. Nbd2 Bg7 5. Ne4 O-O 6. Nd4 d6 7. Be2 c5 8. Nb3
b5 9. Nbd2 b4 10. b3 a5 11. Nc4 a4 12. Rb1 axb3 13. cxb3 Rxa2 14. Bb2 d5 15. Nc3
bxc3 16. Bc1 c2 17. Qd2 cxb1=Q 18. Qb2 Rxb2 19. Nxb2 Qxc1+ 20. Bd1 Qxb2 21. O-O
Qa5 22. Bf3 Ba6 23. Rd1 Qc2 24. g4 Qxb3 25. gxh5 e5 26. hxg6 e4 27. dxe4 dxe4
28. Bxe4 Qxd1+ 29. Kg2 Bf1+ 30. Kg3 Be5+ 31. Kh4 Qad8# 0-1

[Event "Challenge"]
[Site "http://www.queenalice.com/game.php?id=1062924"]
[Date "2012.5.23"]
[Round "-"]
[White "mikec"]
[Black "hoppy777"]
[Result "1-0"]
[WhiteElo "1434"]
[BlackElo "1207"]

1. Nf3 e6 2. g3 Na6 3. e3 Be7 4. Bh3 b6 5. d4 Bb7 6. c4 Nf6 7. c5 O-O 8. Bg2 Ne4
9. O-O bxc5 10. Ne5 cxd4 11. exd4 f6 12. Nc4 Rb8 13. Nba3 Qe8 14. Qg4 Ng5 15. f4
Ne4 16. Na5 Bd5 17. f5 e5 18. Bh6 Qf7 19. Rae1 Bb4 20. Nb3 c6 21. Nc5 Nd2 22.
Rc1 Kh8 23. Nxd7 Rg8 24. Nxb8 Nxb8 25. Be3 Bf3 26. Bxf3 Qxa2 27. Rfd1 Nxf3+ 28.
Qxf3 g6 29. dxe5 Qxb2 30. Bxa7 Nd7 31. Rxc6 Nxe5 32. Qd5 Rf8 33. Rc7 Bxa3 34.
Qd8 Rg8 35. Qxf6+ Rg7 36. Qxg7# 1-0

[Event "Challenge"]
[Site "http://www.queenalice.com/game.php?id=1063056"]
[Date "2012.5.23"]
[Round "-"]
[White "kathieD"]
[Black "mikec"]
[Result "1-0"]
[WhiteElo "1318"]
[BlackElo "1472"]

1. Nc3 g6 2. g4 Nf6 3. g5 Nh5 4. e4 Nf4 5. Qf3 e5 6. d4 Qxg5 7. h4 Qh5 8. Qe3
Be7 9. b3 d6 10. Nb5 c6 11. Nc7+ Kd8 12. Nxa8 d5 13. dxe5 Ne6 14. Qxa7 Bb4+ 15.
Bd2 Nd4 16. f3 c5 17. c3 Nc2+ 18. Kd1 Nxa1 19. Qxb8 Ba5 20. b4 Bc7 21. Nxc7 dxe4
22. Bg5+ Kd7 23. Bb5# 1-0

[Event "Challenge"]
[Site "http://www.queenalice.com/game.php?id=1063335"]
[Date "2012.5.24"]
[Round "-"]
[White "hoppy777"]
[Black "mikec"]
[Result "0-1"]
[WhiteElo "1200"]
[BlackElo "1441"]

1. g3 a5 2. Bh3 a4 3. Na3 c6 4. b3 b5 5. Bb2 b4 6. Nc4 d5 7. Ne3 d4 8. Nc4 e6 9.
Bxd4 Qxd4 10. Nf3 Qd8 11. g4 Ba6 12. Kf1 axb3 13. d4 Bxc4 14. axb3 Ba6 15. Qd2
Ra7 16. Qxb4 Bxb4 17. Ne5 Qxd4 18. Nf3 Qxa1+ 19. Kg2 Qb2 20. e4 Qxc2 21. Rf1
Qxb3 22. Nd4 Qd3 23. Nf3 Qxf1+ 24. Kg3 Qb5 25. e5 Ne7 26. Kh4 Ng6+ 27. Kh5 Qe2
28. g5 Qxf3+ 29. Bg4 Qxf2 30. h4 Nf4# 0-1

[Event "Challenge"]
[Site "http://www.queenalice.com/game.php?id=1064345"]
[Date "2012.5.26"]
[Round "-"]
[White "hoppy777"]
[Black "mikec"]
[Result "1-0"]
[WhiteElo "1194"]
[BlackElo "1447"]

1. d4 a5 2. c3 b5 3. b4 a4 4. h3 c6 5. f4 e6 6. e3 d5 7. g4 g6 8. a3 Bg7 9. Nd2
Ne7 10. Ne2 Nd7 11. Bg2 O-O 12. Bb2 Bb7 13. h4 Qb6 14. Rf1 Qd8 15. Rc1 Nf6 16.
Bh3 Nc8 17. Nf3 Ne4 18. g5 Ncd6 19. Qd3 Rc8 20. Ne5 Rc7 21. Rc2 Re8 22. Bg2 h6
23. Bc1 f6 24. Nxg6 hxg5 25. hxg5 fxg5 26. fxg5 Qxg5 27. Rf3 Qxg2 28. Rg3 Nxg3
29. Ne5 Ngf5 30. Nf4 Bh6 31. Nxg2 Rg7 32. Nf4 Rg1+ 33. Kd2 Re7 34. Qe2 Reg7 35.
Kd3 Ng3 36. Qf3 Ndf5 37. Nxe6 c5 38. Nxc5 Bc8 39. Qxd5+ Kf8 40. Qd8# 1-0

[Event "Challenge"]
[Site "http://www.queenalice.com/game.php?id=1064679"]
[Date "2012.5.27"]
[Round "-"]
[White "mikec"]
[Black "hoppy777"]
[Result "1-0"]
[WhiteElo "1421"]
[BlackElo "1220"]

1. h4 b5 2. g3 h6 3. Nf3 g5 4. Bg2 c6 5. e3 a6 6. b3 e6 7. Bb2 f5 8. Bxh8 Nf6 9.
Bxf6 Qxf6 10. d4 Bb4+ 11. c3 Bd6 12. b4 Qg6 13. h5 Qf6 14. Nbd2 Bb7 15. a4 Qf7
16. c4 Bxb4 17. cxb5 axb5 18. axb5 e5 19. Rb1 Ra2 20. Rxb4 Qe7 21. Qb1 f4 22.
bxc6 dxc6 23. Rb6 g4 24. Qxa2 gxf3 25. Bxf3 fxe3 26. fxe3 exd4 27. O-O dxe3 28.
Qg8+ Qf8 29. Qg6+ Kd8 30. Rxb7 exd2 31. Rxb8+ Kc7 32. Rxf8 c5 33. Qc6# 1-0

[Event "Challenge"]
[Site "http://www.queenalice.com/game.php?id=1065834"]
[Date "2012.5.30"]
[Round "-"]
[White "hoppy777"]
[Black "mikec"]
[Result "0-1"]
[WhiteElo "1212"]
[BlackElo "1429"]

1. b4 b5 2. c4 a6 3. d3 bxc4 4. dxc4 c5 5. Bb2 cxb4 6. g3 Bb7 7. Nf3 a5 8. Nd4
a4 9. Rg1 a3 10. Bc1 e5 11. Bg2 d5 12. cxd5 Bc5 13. d6 e4 14. Nf5 g6 15. Ne3 Nh6
16. f3 Qf6 17. fxe4 Nc6 18. e5 Qxe5 19. Qd5 Qxa1 20. d7+ Kd8 21. Qd3 Ne5 22. Qd6
Bxd6 23. Bxb7 Ra5 24. Be4 Qxa2 25. Bd2 f5 26. Bc2 g5 27. Rf1 f4 28. gxf4 gxf4
29. Rxf4 Qg8 30. Rf6 Qg1+ 31. Nf1 Bf8 32. Bf4 a2 33. Bxe5 b3 34. Be4 b2 35. Re6
Bb4+ 36. Kd1 Qxf1+ 37. Kc2 axb1=Q+ 38. Kb3 Qxe4 39. Kxb2 Qxe5+ 40. Rxe5 Rxe5 41.
Kb3 Qb1+ 42. Kc4 Qe4+ 43. Kb3 Qb1+ 44. Kc4 Rxe2 45. Kd4 Kxd7 46. Kc4 Ng4 47. Kd4
Ra8 48. Kc4 Nxh2 49. Kd4 h5 50. Kc4 h4 51. Kd4 h3 52. Kc4 Ng4 53. Kb5 h2 54. Kb6
h1=Q 55. Kb5 Qhc1 56. Kb6 Bf8# 0-1

[Event "Challenge"]
[Site "http://www.queenalice.com/game.php?id=1066505"]
[Date "2012.5.31"]
[Round "-"]
[White "hoppy777"]
[Black "mikec"]
[Result "0-1"]
[WhiteElo "1205"]
[BlackElo "1418"]

1. d3 Nc6 2. Nf3 Nf6 3. a4 Na5 4. b3 Nd5 5. Bd2 Nf6 6. Bxa5 Ng4 7. Bc3 g6 8.
Bxh8 f6 9. h3 Nh6 10. Nbd2 Nf7 11. Nc4 Nxh8 12. Qd2 d5 13. Ne3 d4 14. Ng4 f5 15.
Nge5 a6 16. Nxd4 Qxd4 17. Rb1 Qxe5 18. Qg5 Nf7 19. Qe3 Qc3+ 20. Kd1 e6 21. g3
Bc5 22. Qf3 Ne5 23. Qg2 Bd7 24. Qxb7 Bc6 25. Qxc7 Bxf2 26. Kc1 Be3+ 27. Kd1 Qd2#
0-1

[Event "Challenge"]
[Site "http://www.queenalice.com/game.php?id=1066510"]
[Date "2012.5.31"]
[Round "-"]
[White "soudeDeus"]
[Black "mikec"]
[Result "1-0"]
[WhiteElo "1384"]
[BlackElo "1432"]

1. g3 g6 2. Bg2 Nh6 3. b3 Bg7 4. c3 e6 5. Bb2 Na6 6. Na3 c6 7. Nh3 Qe7 8. Rb1 b5
9. Rg1 d5 10. d3 Bd7 11. f3 Rc8 12. c4 e5 13. f4 1-0

[Event "Challenge"]
[Site "http://www.queenalice.com/game.php?id=1066894"]
[Date "2012.6.1"]
[Round "-"]
[White "mikec"]
[Black "hoppy777"]
[Result "1-0"]
[WhiteElo "1425"]
[BlackElo "1198"]

1. Nf3 c6 2. Nd4 g6 3. e3 a5 4. c3 b5 5. Be2 d6 6. b4 axb4 7. cxb4 Na6 8. Nxc6
Qc7 9. Qc2 Nxb4 10. Nxb4 Ra7 11. Bxb5+ Kd8 12. Nc6+ Ke8 13. Nxa7+ Kd8 14. Nc6+
Ke8 15. Qa4 Bb7 16. Qa7 Kd7 17. Nb8+ Ke6 18. Bb2 f6 19. Ba6 Qa5 20. Qxb7 Bh6 21.
Bc4+ Kf5 22. Nc6 Qc5 23. Nd4+ Kg5 24. Nf3+ Kf5 25. d3 Bg5 26. Qe4# 1-0

[Event "Challenge"]
[Site "http://www.queenalice.com/game.php?id=1067349"]
[Date "2012.6.2"]
[Round "-"]
[White "hoppy777"]
[Black "mikec"]
[Result "1-0"]
[WhiteElo "1191"]
[BlackElo "1414"]

1. g3 Nc6 2. Nf3 g6 3. b3 Bg7 4. c3 Nf6 5. Bb2 b6 6. Qc2 Bb7 7. Nd4 e5 8. Nb5
Ne7 9. N1a3 Bxh1 10. Qd3 Be4 11. Qe3 Nf5 12. Qg5 Bh6 13. Qxh6 Nxh6 14. Nc4 d5
15. Nxe5 c6 16. Nxc6 Qd7 17. Ncd4 O-O 18. Ba3 a6 19. Nd6 Bh1 20. e3 b5 21. Bc5
a5 22. Bxb5 Qe7 23. Nc6 Qe6 24. Ba6 Qh3 25. Bd4 Bf3 26. Bf1 Qxh2 27. Bxf6 Qh1
28. Ne7# 1-0

[Event "Challenge"]
[Site "http://www.queenalice.com/game.php?id=1068718"]
[Date "2012.6.6"]
[Round "-"]
[White "soudeDeus"]
[Black "mikec"]
[Result "1-0"]
[WhiteElo "1547"]
[BlackElo "1456"]

1. g3 Nc6 2. Bg2 g6 3. b3 Bg7 4. c3 e6 5. Bb2 Bf8 6. c4 Nf6 7. Na3 Bh6 8. Nh3
Bf8 9. Rb1 Nb4 10. Ra1 Ng4 11. Bxh8 f6 12. Nc2 a5 13. Nxb4 axb4 14. f3 Nh6 15.
Rg1 Nf7 16. Bxf6 Qxf6 17. Rc1 Rxa2 18. Nf4 Qd4 19. e3 Qb2 20. Nd3 Qa3 21. Ke2 d5
22. Ra1 c6 23. Rxa2 Qxa2 24. Qa1 Qxb3 25. cxd5 exd5 26. Rb1 Qc4 27. Qa8 Nd6 28.
Rxb4 Qc2 29. Bh3 Kd8 30. Bxc8 Nxc8 31. Rxb7 Bh6 32. f4 g5 33. Rb8 gxf4 34. Qb7
c5 35. Rxc8# 1-0

[Event "Challenge"]
[Site "http://www.queenalice.com/game.php?id=1069406"]
[Date "2012.6.8"]
[Round "-"]
[White "mikec"]
[Black "hoppy777"]
[Result "1-0"]
[WhiteElo "1394"]
[BlackElo "1207"]

1. e3 e6 2. Nf3 Qf6 3. c3 c6 4. g3 c5 5. Nh4 Nc6 6. Bg2 Qg5 7. f4 Qf5 8. Nxf5
exf5 9. Qe2 b6 10. e4 fxe4 11. Bxe4 Bb7 12. Bxc6+ Kd8 13. Bxb7 Rb8 14. Qe4 d6
15. O-O Nf6 16. Qc6 Ne8 17. Re1 Nf6 18. g4 g5 19. fxg5 Rxb7 20. Qxb7 Nxg4 21.
Qxa7 Bg7 22. Qxb6+ Kc8 23. Re7 Be5 24. Qb7+ Kd8 25. Qc7# 1-0

[Event "Challenge"]
[Site "http://www.queenalice.com/game.php?id=1071423"]
[Date "2012.6.13"]
[Round "-"]
[White "hoppy777"]
[Black "mikec"]
[Result "0-1"]
[WhiteElo "1198"]
[BlackElo "1403"]

1. Nh3 d6 2. Nc3 e5 3. b3 Qf6 4. Ba3 g5 5. g4 b5 6. Bg2 c5 7. Bxa8 b4 8. Bb2
bxc3 9. Bxc3 d5 10. Ba5 Nh6 11. Bc7 Na6 12. Bc6+ Bd7 13. Ba4 Nxg4 14. Ba5 c4 15.
bxc4 dxc4 16. Bxd7+ Kxd7 17. Rb1 Bc5 18. Rb7+ Kc8 19. Rb5 Nxf2 20. Nxf2 Qxf2#
0-1

[Event "Challenge"]
[Site "http://www.queenalice.com/game.php?id=1076394"]
[Date "2012.6.25"]
[Round "-"]
[White "mikec"]
[Black "hoppy777"]
[Result "1-0"]
[WhiteElo "1450"]
[BlackElo "1190"]

1. c3 Nc6 2. e3 g6 3. Nh3 b6 4. Bc4 f6 5. g3 Bb7 6. a4 Na5 7. Na3 Bxh1 8. b4
Nxc4 9. Nxc4 Qb8 10. f4 Qb7 11. Ng1 Qg2 12. Ne2 Qxh2 13. a5 Bg2 14. d4 Qg1+ 15.
Nxg1 Nh6 16. d5 Ng4 17. e4 Nh2 18. e5 Bf3 19. Nxf3 Bh6 20. Nxh2 fxe5 21. Qg4 Rg8
22. Nxe5 Kf8 23. Nxd7+ Kg7 24. f5 Rgd8 25. fxg6 Bxc1 26. Rxc1 hxg6 27. Ne5 Rf8
28. Qxg6+ Kh8 29. Nf7+ Rxf7 30. Qxf7 b5 31. Nf3 Rg8 32. Nh4 c5 33. Ng6+ Rxg6 34.
Qxg6 c4 35. Qf7 e6 36. d6 e5 37. Ke2 a6 38. Rh1# 1-0